Štúdium vlastností, aktivity a metód analytického stanovenia genotoxických látok : (28.4.1988) Výsk.s.čiast.úlohy ŠPZV V-4-1/04 /

Na minha lista:
Detalhes bibliográficos
Autor principal: Miertuš, Stanislav (Author)
Formato: Livro
Publicado em: Bratislava : SVŠT v Bratislave, 1988
Tags: Adicionar Tag
Sem tags, seja o primeiro a adicionar uma tag!

MARC

LEADER 00000nam a22000003a 4500
001 stu20699
005 20150617225749.4
008 ------s1988----cs----------------------d
040 |a STU  |b slo 
041 0
044 |a cs 
080 |a 543.544.001.5 
100 1 |a Miertuš, Stanislav  |4 aut 
245 1 |a Štúdium vlastností, aktivity a metód analytického stanovenia genotoxických látok :  |b (28.4.1988) Výsk.s.čiast.úlohy ŠPZV V-4-1/04 /  |c [aut.]Miertuš,Stanislav 
260 |a Bratislava :  |b SVŠT v Bratislave,  |c 1988 
300 |a 145 s 
996 |b CVS67  |c C*VS67  |l CCI  |s A  |a 24  |w stu20699_0001